000 01031nam a22003017a 4500
003 CHAP
005 20220329141812.0
008 971013s1981 r 00010 d
010 _a74070
011 _a75042
035 _a84602
040 _cCHAP
090 _aTesis
100 0 0 _aGarza López, José Adalberto.
_947094
245 _aMárgenes de comercialización de la carne de res en Monterrey y algunos aspectos relacionados
260 _a(Monterrey, N.L.) :
_bEl autor,
_c1981
300 _a41 h.
_b: gráfs.
502 _aTesis (Ing. Agrónomo Administrador) -- ITESM. Div. de Ciencias Agropecuarias y Marítimas
590 _aALEPH
_b10
_c20130110
_lUCH01
_h1418
590 _aBATCH-UPD
_b10
_c20130110
_lUCH01
_h2236
590 _aBATCH-UPD
_b10
_c20130410
_lUCH01
_h1531
590 _aBATCH-UPD
_b10
_c20130914
_lUCH01
_h0850
590 _aCONVERSION
_b10
_c20130109
_lUCH01
_h1340
650 1 4 _aCarne de res
_xMercadeo
_xNuevo León.
_919216
901 _aBK
942 _cTESIS
949 _bBC
_cTES
_d-40010
_eTS1
_i84602
_si
999 _c74070
_d74070